| 000 | 00492pab a2200169 454500 | ||
|---|---|---|---|
| 008 | 180718b1998 xxu||||| |||| 00| 0 eng d | ||
| 100 | _aPlater, William | ||
| 245 | _aUsing tenure: citizenship within the new academic workforce | ||
| 260 | _c1998 | ||
| 300 | _ap.680-715 | ||
| 362 | _aFeb | ||
| 650 | _aEducation, Higher - United States | ||
| 650 | _aEducational personnel - United States | ||
| 650 | _aEducational personnel | ||
| 773 | _aAmerican Behavioral Scientist | ||
| 909 | _a37260 | ||
| 999 |
_c37260 _d37260 |
||